[Event "Oberbayern Bezirksliga 1718"]
[Site "Germany"]
[Date "2018.04.15"]
[Round "9.1"]
[White "Schaefer, Matthias"]
[Black "Mittermeier, Josef"]
[Result "1-0"]
[WhiteElo "2276"]
[BlackElo "1938"]
[PlyCount "35"]
[EventDate "2017.10.22"]
[EventType "team-tourn"]
[EventRounds "9"]
[EventCountry "GER"]
[SourceTitle "EXT 2019"]
[Source "ChessBase"]
[SourceDate "2018.10.10"]
[SourceVersion "1"]
[SourceVersionDate "2018.10.10"]
[SourceQuality "1"]
[WhiteTeam "Starnberg"]
[BlackTeam "Dorfen"]
[WhiteTeamCountry "GER"]
[BlackTeamCountry "GER"]

1. e4 e5 2. Bc4 Nf6 3. d3 d5 4. exd5 Nxd5 5. Qf3 Be6 6. Nc3 c6 7. Nge2 Be7 8. Qg3 Nxc3 9. Nxc3 Bxc4 10. dxc4 0-0 11. Bh6 Bf6 12. Ne4 Kh8 13. Rd1 Qe7 14. Nxf6 gxh6 15. Qh4 Rg8 16. Qxh6 Rg7 17. Rd3 Qb4+ 18. c3 1-0

[Event "Regionalliga SO 0506"]
[Site "Bayern"]
[Date "2006.03.12"]
[Round "8.2"]
[White "Lochte, Thomas"]
[Black "Mittermeier, Josef"]
[Result "1-0"]
[WhiteElo "2063"]
[BlackElo "2045"]
[PlyCount "45"]
[EventDate "2005.10.23"]
[EventType "team-tourn"]
[EventRounds "9"]
[EventCountry "GER"]
[SourceTitle "EXT 2007"]
[Source "ChessBase"]
[SourceDate "2006.11.23"]
[SourceVersion "1"]
[SourceVersionDate "2006.11.23"]
[SourceQuality "1"]
[WhiteTeam "Starnberg SC"]
[BlackTeam "Dorfen PSV"]
[WhiteTeamCountry "GER"]
[BlackTeamCountry "GER"]

1. e4 e5 2. Nf3 Nc6 3. Bb5 Nf6 4. d4 exd4 5. e5 Ne4 6. 0-0 Be7 7. Nxd4 0-0 8. Re1 Nxd4 9. Qxd4 d5 10. exd6 Nxd6 11. Bd3 Bf6 12. Qf4 Re8 13. Rxe8+ Qxe8 14. Nd2 Bd7 15. Nf3 Bc6 16. Bd2 Qd7 17. Re1 Re8 18. Ne5 Bxe5 19. Rxe5 Rxe5 20. Qxe5 Qg4 21. Bf1 Nc4 22. Qxc7 h6 23. Qd8+ 1-0

[Event "Regionalliga SO 0506"]
[Site "Bayern"]
[Date "2005.11.13"]
[Round "2.3"]
[White "Mittermeier, Josef"]
[Black "Hartl, Aldo"]
[Result "0-1"]
[WhiteElo "2055"]
[BlackElo "2080"]
[PlyCount "78"]
[EventDate "2005.10.23"]
[EventType "team-tourn"]
[EventRounds "9"]
[EventCountry "GER"]
[SourceTitle "EXT 2007"]
[Source "ChessBase"]
[SourceDate "2006.11.23"]
[SourceVersion "1"]
[SourceVersionDate "2006.11.23"]
[SourceQuality "1"]
[WhiteTeam "Dorfen PSV"]
[BlackTeam "Trostberg TSV"]
[WhiteTeamCountry "GER"]
[BlackTeamCountry "GER"]

1. e4 c5 2. c3 Nf6 3. e5 Nd5 4. d4 cxd4 5. Qxd4 e6 6. Nf3 Nc6 7. Qe4 f5 8. Qe2 Be7 9. g3 0-0 10. Bg2 b6 11. 0-0 Bb7 12. c4 Nc7 13. Nc3 Qc8 14. Bf4 Na5 15. Rfd1 Rd8 16. Rac1 Ne8 17. b3 h6 18. h4 Bc6 19. h5 Qb7 20. Bd2 Rac8 21. Nb5 a6 22. Nd6 Bxd6 23. exd6 Be4 24. Nh4 Bxg2 25. Nxg2 Nf6 26. Nf4 Nc6 27. Bc3 Ne4 28. Ba1 Re8 29. f3 Ng5 30. Ng6 e5 31. Re1 Nd4 32. Bxd4 Nxf3+ 33. Kf2 Nxd4 34. Qd3 Nc6 35. Qd5+ Kh7 36. Nxe5 Rf8 37. Nf7 Nd8 38. Qxf5+ Kg8 39. Nxh6+ gxh6 0-1

[Event "Landesliga Sued 0304"]
[Site "Bayern"]
[Date "2003.10.12"]
[Round "1.7"]
[White "Heiduczek, Josef"]
[Black "Mittermeier, Josef"]
[Result "1-0"]
[WhiteElo "2192"]
[BlackElo "1972"]
[PlyCount "57"]
[EventDate "2003.10.12"]
[EventType "team-tourn"]
[EventRounds "9"]
[EventCountry "GER"]
[SourceTitle "EXT 2006"]
[Source "ChessBase"]
[SourceDate "2005.11.24"]
[SourceVersion "1"]
[SourceVersionDate "2005.11.24"]
[SourceQuality "1"]
[WhiteTeam "Pfarrkirchen SC"]
[BlackTeam "Dorfen"]
[WhiteTeamCountry "GER"]
[BlackTeamCountry "GER"]

1. e4 e5 2. Bc4 Nf6 3. d3 d5 4. exd5 Nxd5 5. Nf3 Nc6 6. 0-0 Bc5 7. Re1 0-0 8. Nxe5 Qh4 9. Qf3 Nf6 10. Nxc6 Ng4 11. d4 Qxh2+ 12. Kf1 Qh4 13. Bf4 Bd6 14. Ne5 Nxe5 15. dxe5 Bg4 16. g3 Qh5 17. Qg2 Bf3 18. exd6 Bxg2+ 19. Kxg2 Qc5 20. Bb3 cxd6 21. Nc3 g5 22. Ne4 Qc6 23. Bxg5 Rae8 24. Bd5 Qb5 25. c4 Qxb2 26. Bf6 Qc2 27. Bd4 Rxe4 28. Rxe4 h5 29. Rh1 1-0

[Event "Regionalliga SO 0203"]
[Site "Bayern"]
[Date "2003.03.30"]
[Round "9.6"]
[White "Mittermeier, Josef"]
[Black "Schratzenstaller, Andreas"]
[Result "1/2-1/2"]
[WhiteElo "1952"]
[BlackElo "1951"]
[PlyCount "53"]
[EventDate "2002.10.20"]
[EventType "team-tourn"]
[EventRounds "9"]
[EventCountry "GER"]
[SourceTitle "EXT 2004"]
[Source "ChessBase"]
[SourceDate "2003.11.25"]
[SourceVersion "1"]
[SourceVersionDate "2003.11.25"]
[SourceQuality "1"]
[WhiteTeam "Dorfen"]
[BlackTeam "Landshut"]
[WhiteTeamCountry "GER"]
[BlackTeamCountry "GER"]

1. e4 c5 2. c3 Nf6 3. e5 Nd5 4. d4 cxd4 5. Qxd4 e6 6. Nf3 Nc6 7. Qe4 d6 8. Nbd2 dxe5 9. Nxe5 Nxe5 10. Qxe5 Qc7 11. Qxc7 Nxc7 12. g3 b6 13. Bg2 Rb8 14. Nf3 Bb7 15. Bf4 Rc8 16. 0-0 Nd5 17. Nd4 a6 18. Rfe1 Be7 19. Nf5 Rg8 20. Rad1 Rd8 21. Nxe7 Kxe7 22. Bg5+ f6 23. c4 fxg5 24. cxd5 Rd6 25. Bh3 Bxd5 26. Rxd5 Rxd5 27. Bxe6 1/2-1/2

[Event "Regionalliga SO 0203"]
[Site "Bayern"]
[Date "2002.11.17"]
[Round "2.7"]
[White "Mittermeier, Josef"]
[Black "Schauer, Gerhard"]
[Result "1/2-1/2"]
[WhiteElo "1990"]
[BlackElo "1750"]
[PlyCount "135"]
[EventDate "2002.10.20"]
[EventType "team-tourn"]
[EventRounds "9"]
[EventCountry "GER"]
[SourceTitle "EXT 2004"]
[Source "ChessBase"]
[SourceDate "2003.11.25"]
[SourceVersion "1"]
[SourceVersionDate "2003.11.25"]
[SourceQuality "1"]
[WhiteTeam "Dorfen"]
[BlackTeam "Trostberg"]
[WhiteTeamCountry "GER"]
[BlackTeamCountry "GER"]

1. e4 e6 2. d3 b6 3. Nf3 Bb7 4. g3 c5 5. Bg2 Nc6 6. 0-0 d6 7. c3 Nge7 8. d4 cxd4 9. cxd4 d5 10. e5 Qd7 11. Nc3 Nf5 12. a3 Rc8 13. g4 Nfe7 14. Be3 Na5 15. Qd3 Ng6 16. Nd2 Be7 17. Qe2 Nh4 18. Bh1 Nc4 19. Nxc4 Rxc4 20. Qd2 Ba6 21. f4 h5 22. h3 hxg4 23. hxg4 Ng6 24. f5 Nf8 25. Qf2 exf5 26. gxf5 Rh3 27. Rad1 Bh4 28. Qd2 Rg3+ 29. Bg2 Rxc3 30. bxc3 Bxf1 31. Rxf1 Qb5 32. e6 fxe6 33. fxe6 Nxe6 34. Bf2 Bg5 35. Qe1 Rxg2+ 36. Kxg2 Kd7 37. Bg3 Ke7 38. Qf2 Bf6 39. Re1 Kf7 40. Qe2 Qc6 41. Qa6 Qd7 42. Bb8 Kg6 43. Qd3+ Kf7 44. Qf5 a6 45. Be5 Nf8 46. Qxd7+ Nxd7 47. Bxf6 Nxf6 48. a4 b5 49. axb5 axb5 50. Rb1 Ne4 51. Rxb5 Nxc3 52. Rb7+ Kf6 53. Kf3 g6 54. Kf4 g5+ 55. Kg4 Ne2 56. Rb6+ Ke7 57. Rb4 Kf6 58. Kf3 Nf4 59. Rb8 Ne6 60. Ke3 Kf5 61. Rb7 Kg4 62. Re7 Nf4 63. Re8 Kg3 64. Re5 g4 65. Rf5 Ng2+ 66. Kd2 Nf4 67. Ke3 Ng2+ 68. Kd2 1/2-1/2

[Event "Regionalliga SO 0102"]
[Site "Bayern"]
[Date "2002.04.28"]
[Round "9.5"]
[White "Mittermeier, Josef"]
[Black "Schratzenstaller, Andreas"]
[Result "1/2-1/2"]
[WhiteElo "2000"]
[BlackElo "1990"]
[PlyCount "32"]
[EventDate "2001.10.07"]
[EventType "team-tourn"]
[EventRounds "9"]
[EventCountry "GER"]
[SourceTitle "EXT 2003"]
[Source "ChessBase"]
[SourceDate "2002.11.25"]
[SourceVersion "1"]
[SourceVersionDate "2002.11.25"]
[SourceQuality "1"]
[WhiteTeam "Dorfen"]
[BlackTeam "Landshut"]
[WhiteTeamCountry "GER"]
[BlackTeamCountry "GER"]

1. e4 c5 2. c3 Nf6 3. e5 Nd5 4. d4 cxd4 5. Qxd4 Nb6 6. Nf3 Nc6 7. Qe4 d5 8. exd6 Qxd6 9. Bf4 Qe6 10. Nbd2 Nd5 11. Qxe6 Bxe6 12. Bg3 f6 13. 0-0-0 0-0-0 14. Nb3 g6 15. Nfd4 Bh6+ 16. Kb1 Nxd4 1/2-1/2

[Event "Regionalliga SO 0102"]
[Site "Bayern"]
[Date "2002.04.14"]
[Round "8.5"]
[White "Huwa, Walter"]
[Black "Mittermeier, Josef"]
[Result "1-0"]
[WhiteElo "2155"]
[BlackElo "2000"]
[PlyCount "37"]
[EventDate "2001.10.07"]
[EventType "team-tourn"]
[EventRounds "9"]
[EventCountry "GER"]
[SourceTitle "EXT 2003"]
[Source "ChessBase"]
[SourceDate "2002.11.25"]
[SourceVersion "1"]
[SourceVersionDate "2002.11.25"]
[SourceQuality "1"]
[WhiteTeam "Straubing"]
[BlackTeam "Dorfen"]
[WhiteTeamCountry "GER"]
[BlackTeamCountry "GER"]

1. e4 e5 2. Nf3 Nc6 3. Bb5 a6 4. Ba4 Nf6 5. d3 b5 6. Bb3 Bc5 7. c3 d6 8. 0-0 Bb7 9. a4 Qe7 10. Na3 b4 11. Nc4 0-0 12. Bg5 h6 13. Bh4 bxc3 14. bxc3 g6 15. Ne3 g5 16. Nf5 Qd7 17. Nxh6+ Kh7 18. Bxg5 Ng4 19. Nf5 1-0

[Event "Regionalliga SO 0102"]
[Site "Bayern"]
[Date "2002.03.17"]
[Round "7.6"]
[White "Bauer, Robert"]
[Black "Mittermeier, Josef"]
[Result "1-0"]
[WhiteElo "2015"]
[BlackElo "2000"]
[PlyCount "88"]
[EventDate "2001.10.07"]
[EventType "team-tourn"]
[EventRounds "9"]
[EventCountry "GER"]
[SourceTitle "EXT 2003"]
[Source "ChessBase"]
[SourceDate "2002.11.25"]
[SourceVersion "1"]
[SourceVersionDate "2002.11.25"]
[SourceQuality "1"]
[WhiteTeam "Freising"]
[BlackTeam "Dorfen"]
[WhiteTeamCountry "GER"]
[BlackTeamCountry "GER"]

1. e4 e5 2. Nf3 Nc6 3. Bc4 Nf6 4. Ng5 d5 5. exd5 Nd4 6. c3 b5 7. Bf1 Nxd5 8. Ne4 Qh4 9. Ng3 Bb7 10. cxd4 0-0-0 11. Be2 Nf4 12. 0-0 Bxg2 13. Bg4+ Kb8 14. Re1 h5 15. Bf3 Qh3 16. Rxe5 Bd6 17. Rxb5+ Kc8 18. d3 Rde8 19. Re5 Bxe5 20. dxe5 Rxe5 21. Be3 Rhe8 22. Nd2 Rxe3 23. fxe3 Rxe3 24. Bxh5 Nxh5 25. Qxh5 Qd7 26. Kxg2 Qxd3 27. Ndf1 Qc2+ 28. Kg1 Rd3 29. Re1 g6 30. Qg4+ f5 31. Qxg6 Qc5+ 32. Kg2 Qd5+ 33. Kh3 f4 34. Qe8+ Kb7 35. Qe4 Qxe4 36. Rxe4 fxg3 37. Nxg3 Rd2 38. Re2 Rd3 39. Kg4 Rd4+ 40. Kg5 Rd5+ 41. Nf5 Kc6 42. h4 Kc5 43. Rc2+ Kb6 44. h5 Rd1 1-0

[Event "Regionalliga SO 0102"]
[Site "Bayern"]
[Date "2002.01.20"]
[Round "4.7"]
[White "Neumueller, Theo"]
[Black "Mittermeier, Josef"]
[Result "0-1"]
[WhiteElo "2035"]
[BlackElo "2000"]
[PlyCount "75"]
[EventDate "2001.10.07"]
[EventType "team-tourn"]
[EventRounds "9"]
[EventCountry "GER"]
[SourceTitle "EXT 2003"]
[Source "ChessBase"]
[SourceDate "2002.11.25"]
[SourceVersion "1"]
[SourceVersionDate "2002.11.25"]
[SourceQuality "1"]
[WhiteTeam "Unterpfaffenhofen"]
[BlackTeam "Dorfen"]
[WhiteTeamCountry "GER"]
[BlackTeamCountry "GER"]

1. d4 d5 2. Nf3 c6 3. e3 Bf5 4. c4 e6 5. Nc3 Nf6 6. Qb3 Qb6 7. Na4 Qxb3 8. axb3 Nbd7 9. Bd2 Bc2 10. b4 Bxa4 11. Rxa4 dxc4 12. Ra5 b5 13. Be2 Nd5 14. 0-0 Bxb4 15. Ra6 Bxd2 16. Nxd2 Nb4 17. Ra5 Ke7 18. Rc1 Rhc8 19. b3 cxb3 20. Nxb3 Kd8 21. Kf1 a6 22. e4 Rc7 23. Ke1 Rac8 24. Nc5 Nxc5 25. dxc5 Rd7 26. Rc3 Rd4 27. Rh3 h6 28. Rg3 g6 29. Rh3 h5 30. g4 hxg4 31. Bxg4 Rxe4+ 32. Be2 Ke7 33. Kf1 Rd8 34. Bf3 Rc4 35. Kg2 Rxc5 36. Rh4 Rg5+ 37. Kf1 c5 38. Be2 0-1

[Event "Landesliga Sued 0001"]
[Site "Bayern"]
[Date "2001.03.11"]
[Round "7"]
[White "Wengler, Joerg"]
[Black "Mittermeier, Josef"]
[Result "1/2-1/2"]
[WhiteElo "2010"]
[BlackElo "1975"]
[PlyCount "74"]
[EventDate "2000.10.15"]
[EventType "team-tourn"]
[EventRounds "9"]
[EventCountry "GER"]
[SourceTitle "EXT 2020"]
[Source "ChessBase"]
[SourceDate "2019.10.17"]
[SourceVersion "1"]
[SourceVersionDate "2019.10.17"]
[SourceQuality "1"]
[WhiteTeam "Muenchen FC Bayern II"]
[BlackTeam "Dorfen PSV"]
[WhiteTeamCountry "GER"]
[BlackTeamCountry "GER"]

1. e4 e5 2. Nf3 Nc6 3. d4 exd4 4. Nxd4 Bc5 5. Be3 Qf6 6. c3 Nge7 7. Bc4 Ne5 8. Be2 Qg6 9. 0-0 d6 10. Kh1 0-0 11. f3 Bb6 12. c4 f5 13. f4 N5c6 14. Nxc6 Nxc6 15. Bxb6 axb6 16. exf5 Bxf5 17. Nc3 Be6 18. Nd5 Bxd5 19. Qxd5+ Kh8 20. Qd2 Qf6 21. a3 Nd4 22. Rae1 Rae8 23. g3 Re7 24. Bd1 Rfe8 25. Rxe7 Rxe7 26. Re1 Rxe1+ 27. Qxe1 Qf7 28. Qe4 c5 29. Be2 g6 30. Bd3 Kg7 31. Kg2 Kf8 32. Kf2 Nc6 33. h4 Qf6 34. Qe2 Nd4 35. Qe4 Nc6 36. Qe2 Nd4 37. Qe4 Nc6 1/2-1/2

[Event "Landesliga Sued 0001"]
[Site "Bayern"]
[Date "2001.02.18"]
[Round "6"]
[White "Osthoff, Michael"]
[Black "Mittermeier, Josef"]
[Result "1/2-1/2"]
[WhiteElo "1835"]
[BlackElo "1975"]
[PlyCount "87"]
[EventDate "2000.10.15"]
[EventType "team-tourn"]
[EventRounds "9"]
[EventCountry "GER"]
[SourceTitle "EXT 2020"]
[Source "ChessBase"]
[SourceDate "2019.10.17"]
[SourceVersion "1"]
[SourceVersionDate "2019.10.17"]
[SourceQuality "1"]
[WhiteTeam "Muenchen Siemens"]
[BlackTeam "Dorfen PSV"]
[WhiteTeamCountry "GER"]
[BlackTeamCountry "GER"]

1. d4 d5 2. c4 e6 3. e3 c6 4. Nf3 f5 5. Ne5 Nf6 6. Be2 Bd6 7. f4 0-0 8. 0-0 Ne4 9. Nd2 Bd7 10. Nxe4 fxe4 11. b3 Be8 12. a4 Qe7 13. c5 Bc7 14. b4 a6 15. Bd2 g5 16. Bh5 Bxe5 17. Bxe8 Qxe8 18. fxe5 Rxf1+ 19. Qxf1 Nd7 20. Qe2 Qg6 21. Rf1 Rf8 22. b5 Rxf1+ 23. Qxf1 axb5 24. axb5 Qf7 25. Qa1 Qh5 26. bxc6 bxc6 27. Qf1 Nf8 28. Ba5 Qf7 29. Qd1 h5 30. Bd8 Nh7 31. Qa4 Qb7 32. Bb6 Kf8 33. Qd1 Qf7 34. Qa1 Qb7 35. Qf1+ Kg7 36. Bd8 Kg6 37. h4 g4 38. Bg5 Qf7 39. Bf4 Qb7 40. Qa1 Kf7 41. Kh2 Ke8 42. Qa5 Kd7 43. Bh6 Ke8 44. Bf4 1/2-1/2

[Event "Landesliga Sued 0001"]
[Site "Bayern"]
[Date "2001.01.14"]
[Round "4"]
[White "Hackbarth, Wolfgang"]
[Black "Mittermeier, Josef"]
[Result "0-1"]
[WhiteElo "1995"]
[BlackElo "1975"]
[PlyCount "104"]
[EventDate "2000.10.15"]
[EventType "team-tourn"]
[EventRounds "9"]
[EventCountry "GER"]
[SourceTitle "EXT 2020"]
[Source "ChessBase"]
[SourceDate "2019.10.17"]
[SourceVersion "1"]
[SourceVersionDate "2019.10.17"]
[SourceQuality "1"]
[WhiteTeam "Pfarrkirchen SC"]
[BlackTeam "Dorfen PSV"]
[WhiteTeamCountry "GER"]
[BlackTeamCountry "GER"]

1. c4 c5 2. Nc3 Nc6 3. Nf3 g6 4. g3 Bg7 5. Bg2 e5 6. d3 d6 7. 0-0 Nge7 8. Nd5 0-0 9. a3 a5 10. Bd2 Nxd5 11. cxd5 Nd4 12. e3 Nxf3+ 13. Bxf3 f5 14. Bg2 Bd7 15. a4 b5 16. b3 e4 17. Rc1 exd3 18. Bc3 Bxc3 19. Rxc3 bxa4 20. Qxd3 axb3 21. Rxb3 Qc7 22. Ra3 Rab8 23. Qc3 Rb4 24. h4 h5 25. Bf3 Kf7 26. Rfa1 a4 27. Bd1 Ra8 28. Qd2 Qb6 29. R3a2 Qb5 30. e4 Rxe4 31. Bf3 Ree8 32. Rb2 Qa5 33. Qh6 Qc3 34. Bxh5 gxh5 35. Qxh5+ Kg8 36. Rab1 Re1+ 37. Rxe1 Qxe1+ 38. Kh2 Qe5 39. Rb6 Qf6 40. Rb7 Qg7 41. Qe2 a3 42. Qa2 f4 43. Rb3 Qg4 44. gxf4 Qxh4+ 45. Kg2 Kf7 46. Rg3 Rg8 47. Qxa3 Rxg3+ 48. fxg3 Qh5 49. Qd3 Bf5 50. Qe3 Qd1 51. Qf3 Qxf3+ 52. Kxf3 c4 0-1

[Event "Landesliga Sued 0001"]
[Site "Bayern"]
[Date "2000.10.15"]
[Round "1"]
[White "Soergel, Thomas"]
[Black "Mittermeier, Josef"]
[Result "1-0"]
[WhiteElo "2075"]
[BlackElo "1975"]
[PlyCount "121"]
[EventDate "2000.10.15"]
[EventType "team-tourn"]
[EventRounds "9"]
[EventCountry "GER"]
[SourceTitle "EXT 2020"]
[Source "ChessBase"]
[SourceDate "2019.10.17"]
[SourceVersion "1"]
[SourceVersionDate "2019.10.17"]
[SourceQuality "1"]
[WhiteTeam "Graefelfing SK"]
[BlackTeam "Dorfen PSV"]
[WhiteTeamCountry "GER"]
[BlackTeamCountry "GER"]

1. c4 c5 2. Nc3 Nc6 3. e3 e6 4. Nf3 Nf6 5. Be2 Be7 6. 0-0 0-0 7. d4 d5 8. cxd5 exd5 9. b3 Bg4 10. dxc5 Bxc5 11. Na4 Be7 12. Bb2 Qd7 13. Ne5 Nxe5 14. Bxe5 Be6 15. Qd4 Rfc8 16. Rac1 b6 17. Ba6 Rxc1 18. Rxc1 Ne8 19. h3 f6 20. Bg3 Nd6 21. Qc3 Ne4 22. Qc6 Qxc6 23. Rxc6 Nxg3 24. Rxe6 Kf7 25. Rxe7+ Kxe7 26. fxg3 d4 27. e4 Rb8 28. Nb2 b5 29. Nd3 Rb6 30. Nc5 b4 31. Bc4 Kd6 32. Nd3 a5 33. Kf2 Rb8 34. g4 Re8 35. Kf3 g5 36. Nb2 Rc8 37. g3 Rc7 38. Ke2 Ke5 39. Kd3 Rc8 40. Nd1 Rc7 41. Nf2 Rc8 42. Ke2 Kd6 43. Nd3 Rc7 44. Ne1 Rc8 45. Kd3 Kc5 46. Nf3 Rd8 47. Bd5 Rh8 48. Nxd4 h5 49. gxh5 Rxh5 50. Be6 Rh8 51. Nf3 Rd8+ 52. Ke2 Ra8 53. h4 gxh4 54. gxh4 a4 55. bxa4 Rxa4 56. Ke3 Kd6 57. Bb3 Ra5 58. Kf4 Rc5 59. Kg4 Ke7 60. h5 Kf8 61. h6 1-0

[Event "Regionalliga SO 9900"]
[Site "Bayern"]
[Date "1999.??.??"]
[Round "2.5"]
[White "Guttenthaler, Franz"]
[Black "Mittermeier, Josef"]
[Result "0-1"]
[WhiteElo "1990"]
[BlackElo "2005"]
[PlyCount "75"]
[EventDate "1999.??.??"]
[EventType "team-tourn"]
[EventRounds "9"]
[EventCountry "GER"]
[SourceTitle "EXT 2020"]
[Source "ChessBase"]
[SourceDate "2019.10.17"]
[SourceVersion "1"]
[SourceVersionDate "2019.10.17"]
[SourceQuality "1"]
[WhiteTeam "Unterpfaff Germering"]
[BlackTeam "Dorfen PSV"]
[WhiteTeamCountry "GER"]
[BlackTeamCountry "GER"]

1. e4 e5 2. Nc3 Nf6 3. f4 d5 4. fxe5 Nxe4 5. Qf3 Nxc3 6. dxc3 Be6 7. Qg3 c5 8. Bf4 Qa5 9. Nf3 h6 10. h4 Nc6 11. Be2 0-0-0 12. 0-0 Be7 13. a3 Rdg8 14. Be3 Qc7 15. Bb5 g5 16. h5 f5 17. Bxc6 Qxc6 18. Qf2 f4 19. Bd2 Rf8 20. Nh2 Rhg8 21. g4 c4 22. Qf3 Rd8 23. Be1 Bc5+ 24. Bf2 Qb6 25. Bxc5 Qxc5+ 26. Qf2 Qxf2+ 27. Kxf2 d4 28. cxd4 Rxd4 29. Rad1 Rgd8 30. Rxd4 Rxd4 31. Re1 Rd2+ 32. Re2 Rxe2+ 33. Kxe2 Kd7 34. Kf3 Bd5+ 35. Ke2 Be4 36. c3 Ke6 37. Nf1 Bd3+ 38. Kf2 0-1

[Event "Regionalliga SO 9899"]
[Site "Bayern"]
[Date "1999.??.??"]
[Round "4.4"]
[White "Mittermeier, Josef"]
[Black "Peter, Christian"]
[Result "0-1"]
[WhiteElo "2010"]
[BlackElo "2055"]
[PlyCount "86"]
[EventDate "1998.??.??"]
[EventType "team-tourn"]
[EventRounds "9"]
[EventCountry "GER"]
[SourceTitle "EXT 2020"]
[Source "ChessBase"]
[SourceDate "2019.10.17"]
[SourceVersion "1"]
[SourceVersionDate "2019.10.17"]
[SourceQuality "1"]
[WhiteTeam "Dorfen PSV"]
[BlackTeam "Ebersberg Grafing"]
[WhiteTeamCountry "GER"]
[BlackTeamCountry "GER"]

1. e4 c6 2. d4 d5 3. Nc3 dxe4 4. Nxe4 Nf6 5. Nxf6+ gxf6 6. c3 Bf5 7. Ne2 h5 8. h4 Bg4 9. Qb3 Qb6 10. Ng3 Nd7 11. Bc4 Qxb3 12. Bxb3 a5 13. a3 a4 14. Ba2 Be6 15. Bxe6 fxe6 16. 0-0 Kf7 17. Bf4 Bh6 18. Bxh6 Rxh6 19. Rfe1 f5 20. Re2 Rg6 21. Nf1 Rag8 22. g3 Nf6 23. Nd2 f4 24. Nf3 Rxg3+ 25. fxg3 Rxg3+ 26. Rg2 Rxf3 27. Rf1 Rxf1+ 28. Kxf1 Ng4 29. Ke2 Kf6 30. Kf3 Kf5 31. Rg1 e5 32. dxe5 Nxe5+ 33. Ke2 Ng4 34. Rd1 e5 35. Rd7 e4 36. Rf7+ Ke5 37. Re7+ Kd5 38. Rd7+ Ke6 39. Rh7 f3+ 40. Kf1 e3 41. Rxh5 e2+ 42. Ke1 Ne3 43. Kf2 Nc2 0-1

[Event "Regionalliga SO 9798"]
[Site "Bayern"]
[Date "1998.??.??"]
[Round "?.5"]
[White "Lipok, Erik"]
[Black "Mittermeier, Josef"]
[Result "0-1"]
[WhiteElo "2070"]
[BlackElo "1985"]
[PlyCount "110"]
[EventDate "1997.10.19"]
[EventType "team-tourn"]
[EventRounds "9"]
[EventCountry "GER"]
[SourceTitle "EXT 2020"]
[Source "ChessBase"]
[SourceDate "2019.10.17"]
[SourceVersion "1"]
[SourceVersionDate "2019.10.17"]
[SourceQuality "1"]
[WhiteTeam "Waldkirchen TSV"]
[BlackTeam "Dorfen PSV"]
[WhiteTeamCountry "GER"]
[BlackTeamCountry "GER"]

1. c4 f5 2. Nc3 Nf6 3. Nf3 e6 4. g3 c6 5. Bg2 d5 6. cxd5 exd5 7. d4 Bd6 8. Ne5 0-0 9. 0-0 Nbd7 10. f4 Ne4 11. Qc2 Qb6 12. e3 Ndf6 13. Rb1 a5 14. Bd2 Bd7 15. Rfc1 Qd8 16. a3 g5 17. b4 axb4 18. axb4 gxf4 19. exf4 Be8 20. Be3 Qe7 21. Qb3 Kh8 22. Nd1 Ng4 23. Rc2 h5 24. Bf3 Rg8 25. Bxg4 fxg4 26. Re2 Bg6 27. Rbb2 Ra1 28. Ra2 Rxa2 29. Rxa2 h4 30. Kg2 hxg3 31. hxg3 Qh7 32. Nxg4 Bf5 33. Ngf2 Rxg3+ 34. Kf1 Bh3+ 35. Ke2 Qh5+ 36. Kd3 Bf5 37. Nxe4 Bxe4+ 38. Kd2 Qf3 39. Ra8+ Kg7 40. Qa4 Rg2+ 41. Kc1 Rc2+ 42. Qxc2 Bxc2 43. Kxc2 Qe2+ 44. Kc1 Qc4+ 45. Kb2 Qxb4+ 46. Kc2 Qc4+ 47. Kb2 b5 48. f5 Qd3 49. Ra1 Qxf5 50. Nc3 Qd3 51. Bg1 b4 52. Na4 b3 53. Nc5 Qc2+ 54. Ka3 b2 55. Rf1 b1Q 0-1

[Event "Regionalliga SO 9798"]
[Site "Bayern"]
[Date "1998.??.??"]
[Round "?.6"]
[White "Zankl, Thomas"]
[Black "Mittermeier, Josef"]
[Result "0-1"]
[WhiteElo "1945"]
[BlackElo "1990"]
[PlyCount "94"]
[EventDate "1997.10.19"]
[EventType "team-tourn"]
[EventRounds "9"]
[EventCountry "GER"]
[SourceTitle "EXT 2020"]
[Source "ChessBase"]
[SourceDate "2019.10.17"]
[SourceVersion "1"]
[SourceVersionDate "2019.10.17"]
[SourceQuality "1"]
[WhiteTeam "Pfarrkirchen SC"]
[BlackTeam "Dorfen PSV"]
[WhiteTeamCountry "GER"]
[BlackTeamCountry "GER"]

1. d4 d5 2. c4 c6 3. Nf3 e6 4. Nc3 f5 5. Bf4 Nf6 6. e3 Be7 7. Qb3 0-0 8. Bd3 Kh8 9. 0-0 Ne4 10. Rfd1 Nd7 11. Bxe4 fxe4 12. Ne5 Bf6 13. cxd5 exd5 14. Nxe4 dxe4 15. Nf7+ Rxf7 16. Qxf7 Nb6 17. Bc7 Qe7 18. Qxe7 Bxe7 19. Bxb6 axb6 20. f3 exf3 21. gxf3 Be6 22. a3 Rf8 23. Kg2 Bc4 24. Rd2 Bg5 25. f4 Bd5+ 26. Kg3 Bd8 27. Kg4 g6 28. Re1 Be4 29. Rc1 Kg7 30. Rc4 Rf5 31. Ra4 Ra5 32. Rxa5 bxa5 33. b4 axb4 34. axb4 b5 35. Kg3 Be7 36. Rb2 Kf6 37. Kf2 Ke6 38. Ke2 Kd5 39. Ra2 Bxb4 40. Ra8 Bc3 41. Re8 Bf5 42. Re5+ Kd6 43. Re8 Kd7 44. Ra8 b4 45. Ra7+ Kc8 46. Re7 b3 47. e4 b2 0-1

[Event "Regionalliga SO 9697"]
[Site "Bayern"]
[Date "1997.03.02"]
[Round "7"]
[White "Mittermeier, Josef"]
[Black "Besner, Bernhard"]
[Result "0-1"]
[WhiteElo "1930"]
[BlackElo "2220"]
[PlyCount "57"]
[EventDate "1996.10.13"]
[EventType "team-tourn"]
[EventRounds "9"]
[EventCountry "GER"]
[SourceTitle "EXT 1999"]
[Source "ChessBase"]
[SourceDate "1998.11.16"]
[SourceVersion "1"]
[SourceVersionDate "1998.11.16"]
[SourceQuality "1"]
[WhiteTeam "Dorfen PSV"]
[BlackTeam "Freilassing"]
[WhiteTeamCountry "GER"]
[BlackTeamCountry "GER"]

1. e4 e5 2. Nf3 Nc6 3. Bc4 Nf6 4. Ng5 d5 5. exd5 b5 6. Bf1 h6 7. Nxf7 Kxf7 8. dxc6 Bc5 9. Be2 Rf8 10. d3 Kg8 11. 0-0 Bf5 12. Nc3 b4 13. Na4 Bd6 14. c3 a5 15. Be3 Qe8 16. Nc5 Qxc6 17. Bf3 e4 18. dxe4 Nxe4 19. Nxe4 Bxe4 20. Bxe4 Qxe4 21. Qd4 Qe6 22. Rfd1 Rf5 23. h3 Raf8 24. g4 Re5 25. c4 Bc5 26. Qd7 Rxe3 27. Qd5 Re5 28. Qxe6+ Rxe6 29. Rd5 0-1